01767nam a2200409Ia 4500001001200000003000800012006001900020007001500039008004100054010001700095020001800112020001500130024001800145040002100163035002100184050002200205100001900227245014300246260003400389300001500423500002400438504006400462533015200526600008000678600007100758600006700829650005400896650001700950650004000967651004901007651005201056651005801108655002901166710001701195856012601212999001901338ebr10160609CaPaEBRm u cr cn|||||||||040603s2004 nyu sb 001 0deng d z 2004052233 z9780195309027 z07432612753 z9780195309027 aCaPaEBRcCaPaEBR a(OCoLC)19192865614aE902b.J83 2004eb1 aJudis, John B.14aThe folly of empireh[electronic resource] :bwhat George W. Bush could learn from Theodore Roosevelt and Woodrow Wilson /cJohn B. Judis. aNew York :bScribner,cc2004. aix, 245 p. a"A Lisa Drew book." aIncludes bibliographical references (p. 213-229) and index. aElectronic reproduction.bPalo Alto, Calif. :cebrary,d2009.nAvailable via World Wide Web.nAccess may be limited to ebrary affiliated libraries.10aBush, George W.q(George Walker),d1946-xViews on international relations.10aRoosevelt, Theodore,d1858-1919xViews on international relations.10aWilson, Woodrow,d1856-1924xViews on international relations. 0aPresidentszUnited StatesxHistoryy20th century. 0aImperialism. 0aImperialismxHistoryy20th century. 0aUnited StatesxForeign relationsy2001-2009. 0aUnited StatesxForeign relationsy20th century. 0aUnited StatesxPolitics and governmenty20th century. 7aElectronic books.2local2 aebrary, Inc.40uhttp://site.ebrary.com/lib/rucke/Doc?id=10160609zAn electronic book accessible through the World Wide Web; click to view c243229d243229